[Event "4NCL Division 2d"]
[Site "Puma Hotel, Hinckley Island EN"]
[Date "2013.05.04"]
[Round "9.57"]
[White "McMahon, Paul"]
[Black "Maguire, Robert"]
[Result "0-1"]
[WhiteElo "1992"]
[BlackElo "1956"]
[PlyCount "114"]
[EventDate "2013.05.04"]
[WhiteTeam "Poisoned Pawns"]
[BlackTeam "KJCA Kings"]

1. Nc3 e5 2. Nf3 Nc6 3. d4 exd4 4. Nxd4 Nf6 5. Bg5 Bb4 6. Nxc6 bxc6 7. Qd4 Qe7
8. O-O-O Bxc3 9. Qxc3 Ne4 10. Bxe7 Nxc3 11. bxc3 Kxe7 12. e4 d6 13. Bc4 Be6 14.
Bb3 a5 15. Rd4 c5 16. Rd2 Rab8 17. Re1 Rb6 18. e5 Rc8 19. exd6+ cxd6 20. Bd5
Rcb8 21. Rde2 Rb1+ 22. Kd2 Rxe1 23. Rxe1 Kd7 24. c4 Bxd5 25. cxd5 Rb4 26. Re3
Ra4 27. a3 Rd4+ 28. Rd3 Rh4 29. h3 Re4 30. Re3 Rf4 31. Ke2 Rc4 32. Kd2 f6 33.
Rb3 Kc7 34. g3 Rd4+ 35. Rd3 Kb6 36. Ke3 Rc4 37. Rb3+ Ka6 38. Kd2 Rd4+ 39. Rd3
Kb5 40. Kc3 Re4 41. Re3 Re5 42. Rxe5 fxe5 43. f4 exf4 44. gxf4 g6 45. h4 h5 46.
a4+ Kxa4 47. Kc4 Ka3 48. Kb5 a4 49. Ka5 Kb2 50. Kxa4 Kxc2 51. Kb5 Kd3 52. Kc6
c4 53. Kxd6 c3 54. Ke7 c2 55. d6 c1=Q 56. d7 Qe1+ 57. Kf7 Qxh4 0-1

[Event "4NCL Division 2d"]
[Site "Puma Hotel, Hinckley Island EN"]
[Date "2013.05.04"]
[Round "9.58"]
[White "Giles, Yasmin"]
[Black "Sucikova, Svetlana"]
[Result "0-1"]
[WhiteElo "1873"]
[BlackElo "1877"]
[PlyCount "84"]
[EventDate "2013.05.04"]
[WhiteTeam "KJCA Kings"]
[BlackTeam "Poisoned Pawns"]

1. e4 c6 2. d4 d5 3. e5 Bf5 4. Nf3 e6 5. Be2 Nd7 6. O-O Ne7 7. Be3 c5 8. c4
dxc4 9. dxc5 Nc6 10. Bxc4 Ncxe5 11. Nxe5 Nxe5 12. Bb5+ Nc6 13. Qf3 Rc8 14. Nc3
Qf6 15. Rfd1 Qg6 16. h3 Be7 17. Bd4 O-O 18. Bxc6 Rxc6 19. b4 Bc2 20. Re1 Rd8
21. Ne2 Be4 22. Qg4 Bg5 23. f4 Bxf4 24. Qxg6 Bxg6 25. Red1 Bc2 26. Rf1 Bd2 27.
b5 Rcc8 28. c6 bxc6 29. bxc6 Rxd4 30. Nxd4 Be3+ 31. Kh1 Bxd4 32. Rac1 Rxc6 33.
Rf4 Be3 34. Rxc2 Rxc2 35. Ra4 Bb6 36. a3 f5 37. Kh2 e5 38. Kg3 Kf7 39. Kf3 Kf6
40. Kg3 g5 41. Kf3 e4+ 42. Kg3 Bc7# 0-1

[Event "4NCL Division 2d"]
[Site "Puma Hotel, Hinckley Island EN"]
[Date "2013.05.04"]
[Round "9.61"]
[White "Jones, Richard S"]
[Black "Dunn, Andrew"]
[Result "1-0"]
[WhiteElo "2401"]
[BlackElo "2222"]
[PlyCount "113"]
[EventDate "2013.05.04"]
[WhiteTeam "Rhyfelwyr Essyllwg 1"]
[BlackTeam "North East England"]

1. e4 c6 2. d4 d5 3. Nc3 dxe4 4. Nxe4 Nd7 5. Nf3 Ngf6 6. Nxf6+ Nxf6 7. c3 Bg4
8. h3 Bxf3 9. Qxf3 e6 10. Bc4 Bd6 11. O-O O-O 12. Bd2 Qc7 13. Rad1 Rfe8 14.
Rfe1 Rad8 15. Bg5 Be7 16. Bb3 Nd5 17. Bc1 b5 18. Bc2 g6 19. g3 c5 20. dxc5 Qxc5
21. Bb3 Nb6 22. Be3 Rxd1 23. Rxd1 Qc7 24. Bf4 Qc8 25. Qe2 Qc6 26. h4 h5 27. Be5
Nd7 28. Bd4 Bc5 29. Bc2 e5 30. Be3 Bxe3 31. Qxe3 Nc5 32. b4 Ne6 33. Qxe5 Ng7
34. Qd5 Qf6 35. Bb3 a6 36. c4 bxc4 37. Qxc4 Nf5 38. Qd3 Kh7 39. a4 Nh6 40. Qd4
Re1+ 41. Kg2 Qc6+ 42. Qd5 Qxd5+ 43. Rxd5 Rb1 44. Rd3 Ng4 45. b5 axb5 46. axb5
Rb2 47. Rf3 Ne5 48. Rc3 Ng4 49. b6 Rxf2+ 50. Kg1 Rf6 51. b7 Rb6 52. Bd5 Nf6 53.
Rb3 Rxb3 54. Bxb3 Nd7 55. Bxf7 Kg7 56. Be8 Nb8 57. Kf2 1-0

[Event "4NCL Division 2d"]
[Site "Puma Hotel, Hinckley Island EN"]
[Date "2013.05.04"]
[Round "9.62"]
[White "Dargan, Paul AG"]
[Black "Kett, Timothy J"]
[Result "1/2-1/2"]
[WhiteElo "2150"]
[BlackElo "2220"]
[PlyCount "53"]
[EventDate "2013.05.04"]
[WhiteTeam "North East England"]
[BlackTeam "Rhyfelwyr Essyllwg 1"]

1. e4 e5 2. Nf3 Nc6 3. Bc4 Nf6 4. d4 exd4 5. O-O Nxe4 6. Re1 d5 7. Nc3 dxc4 8.
Rxe4+ Be6 9. Nxd4 Nxd4 10. Rxd4 Bd6 11. Bf4 Qe7 12. Bxd6 cxd6 13. Rxd6 O-O 14.
Nd5 Qg5 15. f4 Qh4 16. g3 Qh3 17. Qd4 Bxd5 18. Qxd5 c3 19. bxc3 Rac8 20. c4 h5
21. Rd1 h4 22. Qg5 hxg3 23. hxg3 Rxc4 24. Rd8 Rc8 25. Rxf8+ Rxf8 26. f5 Rc8 27.
Rf1 1/2-1/2

[Event "4NCL Division 2d"]
[Site "Puma Hotel, Hinckley Island EN"]
[Date "2013.05.04"]
[Round "9.63"]
[White "Morris, Gareth L"]
[Black "Coathup, Roger H"]
[Result "0-1"]
[WhiteElo "2091"]
[BlackElo "2123"]
[PlyCount "98"]
[EventDate "2013.05.04"]
[WhiteTeam "Rhyfelwyr Essyllwg 1"]
[BlackTeam "North East England"]

1. d4 Nf6 2. Nf3 e6 3. Bg5 d5 4. e3 Be7 5. c4 h6 6. Bh4 O-O 7. Bd3 c5 8. cxd5
Nxd5 9. Bxe7 Qxe7 10. Nc3 Nxc3 11. bxc3 Nc6 12. O-O Rd8 13. Be4 Bd7 14. Rb1 b6
15. Ne5 Rac8 16. Nxd7 Rxd7 17. Qf3 Rdc7 18. g3 cxd4 19. cxd4 Qa3 20. d5 exd5
21. Bxd5 Nb4 22. Bb3 Nxa2 23. Qf5 Rf8 24. Qe5 Rc5 25. Qa1 Ra5 26. Rb2 Nc3 27.
Qxa3 Rxa3 28. Kg2 Ne4 29. Rd1 Rc8 30. Rd4 Nc5 31. Bd5 Rc7 32. h4 Kf8 33. Rc4
Ra4 34. Rcc2 Ke7 35. e4 Rd4 36. f3 Ne6 37. Re2 Rd3 38. Rbd2 Rxd2 39. Rxd2 b5
40. Ra2 Nc5 41. Rb2 a6 42. h5 Nd3 43. Ra2 Nb4 44. Rd2 Nxd5 45. Rxd5 b4 46. Ra5
Rc6 47. Kf2 b3 48. Ra1 b2 49. Rb1 Rb6 0-1

[Event "4NCL Division 2d"]
[Site "Puma Hotel, Hinckley Island EN"]
[Date "2013.05.04"]
[Round "9.64"]
[White "Maroroa, Sue Y"]
[Black "Brown, Tom"]
[Result "0-1"]
[WhiteElo "2072"]
[BlackElo "2091"]
[PlyCount "78"]
[EventDate "2013.05.04"]
[WhiteTeam "North East England"]
[BlackTeam "Rhyfelwyr Essyllwg 1"]

1. e4 c6 2. d4 d5 3. e5 Bf5 4. h4 h6 5. g4 Be4 6. f3 Bg6 7. e6 Nf6 8. Bf4 Qb6
9. Nc3 Qxb2 10. Kd2 Qb4 11. Be5 fxe6 12. Rb1 Qa5 13. Rxb7 Nbd7 14. Bc7 Nb6 15.
Qe2 Bf7 16. Bxb6 axb6 17. Qe5 Rc8 18. Rb8 Kd8 19. Bd3 Nd7 20. Rxc8+ Kxc8 21.
Qf4 Be8 22. h5 e5 23. dxe5 e6 24. Nge2 Bb4 25. Rb1 c5 26. a3 Bxc3+ 27. Nxc3 d4
28. Ke2 dxc3 29. Qe4 Nb8 30. Bc4 Bd7 31. Qg6 Re8 32. Qxg7 Qa4 33. Bd3 Qf4 34.
Rxb6 Qh2+ 35. Kf1 Qh1+ 36. Ke2 Qg2+ 37. Ke1 Qxf3 38. Rxb8+ Kxb8 39. Qxd7 Qh1+
0-1

[Event "4NCL Division 2d"]
[Site "Puma Hotel, Hinckley Island EN"]
[Date "2013.05.04"]
[Round "9.65"]
[White "Trevelyan, John"]
[Black "Sayers, Ray"]
[Result "0-1"]
[WhiteElo "2129"]
[BlackElo "2126"]
[PlyCount "116"]
[EventDate "2013.05.04"]
[WhiteTeam "Rhyfelwyr Essyllwg 1"]
[BlackTeam "North East England"]

1. e4 g6 2. d4 Bg7 3. c4 d6 4. Nc3 Nc6 5. Be3 e5 6. dxe5 dxe5 7. Qxd8+ Nxd8 8.
Nb5 Ne6 9. Nxa7 Bd7 10. Nb5 Nf6 11. f3 Bf8 12. Ne2 c6 13. Nbc3 Bc5 14. Bxc5
Nxc5 15. Nc1 Ke7 16. Nd3 Nxd3+ 17. Bxd3 Be6 18. O-O-O Nd7 19. b3 Nc5 20. Bc2
Bd7 21. Kb2 Ne6 22. Ne2 Ra7 23. Rd2 Rha8 24. Bb1 b6 25. Rhd1 Be8 26. Nc3 Nc5
27. Bd3 Ne6 28. Bf1 Nd4 29. Ra1 Ne6 30. Na4 Rb8 31. Nc3 Rba8 32. a4 Nc5 33. Be2
f6 34. Bd1 Bf7 35. b4 Ne6 36. Ne2 c5 37. b5 Nd4 38. Bb3 Nxe2 39. Rxe2 Rd7 40.
Kc3 Ra5 41. Rd2 Rd4 42. Rxd4 exd4+ 43. Kd3 Kd6 44. f4 Ra8 45. Re1 Re8 46. Bd1
Re7 47. Bg4 g5 48. g3 Bg6 49. Bc8 Kc7 50. Bg4 gxf4 51. gxf4 f5 52. Bf3 fxe4+
53. Kd2 e3+ 54. Ke2 d3+ 55. Kd1 Bf7 56. Bd5 Bxd5 57. cxd5 c4 58. Rg1 c3 0-1

[Event "4NCL Division 2d"]
[Site "Puma Hotel, Hinckley Island EN"]
[Date "2013.05.04"]
[Round "9.66"]
[White "Prasath, Malola TS"]
[Black "Hewitt, William"]
[Result "0-1"]
[WhiteElo "2076"]
[BlackElo "2082"]
[PlyCount "90"]
[EventDate "2013.05.04"]
[WhiteTeam "North East England"]
[BlackTeam "Rhyfelwyr Essyllwg 1"]

1. e4 c5 2. Nf3 e6 3. d4 cxd4 4. Nxd4 Nf6 5. Nc3 d6 6. Be3 Nc6 7. Be2 Be7 8. g4
a6 9. g5 Nd7 10. h4 O-O 11. Bc4 Nde5 12. Bb3 Na5 13. f4 Nec4 14. Qe2 Nxe3 15.
Qxe3 b5 16. f5 Nxb3 17. axb3 Bd7 18. Qh3 b4 19. Nce2 e5 20. Nf3 Qb6 21. Nd2
Rfc8 22. Nc4 Qc6 23. Qf3 Qc7 24. f6 Bf8 25. Ng3 Be6 26. Ne3 Qc5 27. Ngf5 Bxf5
28. exf5 e4 29. Qg3 d5 30. fxg7 Bxg7 31. f6 Bf8 32. Rd1 d4 33. Nc4 Re8 34. h5
Rad8 35. g6 Bh6 36. Ra1 d3 37. c3 bxc3 38. bxc3 e3 39. Ra5 Qc6 40. Rg1 Qxf6 41.
gxf7+ Kxf7 42. Ne5+ Rxe5 43. Rxe5 Bf4 44. Rxe3 Bxg3+ 45. Rgxg3 d2+ 0-1

[Event "4NCL Division 2d"]
[Site "Puma Hotel, Hinckley Island EN"]
[Date "2013.05.04"]
[Round "9.67"]
[White "Bullen, Alex"]
[Black "Davey, Mark"]
[Result "1-0"]
[WhiteElo "1911"]
[BlackElo "1999"]
[PlyCount "61"]
[EventDate "2013.05.04"]
[WhiteTeam "Rhyfelwyr Essyllwg 1"]
[BlackTeam "North East England"]

1. e4 c5 2. Nf3 Nc6 3. d4 cxd4 4. Nxd4 Nf6 5. Nc3 d6 6. Bc4 g6 7. Nxc6 bxc6 8.
e5 Nh5 9. Qf3 e6 10. Bb5 Bd7 11. Bxc6 Rc8 12. Bxd7+ Qxd7 13. g4 Ng7 14. Bh6 d5
15. O-O Rg8 16. Rfd1 Qc6 17. Rd3 Be7 18. Rad1 a6 19. Ne2 Qa4 20. Nc3 Qb4 21. b3
Qa5 22. Na4 Rxc2 23. R3d2 Rc8 24. Rd3 Bb4 25. Qf6 Be7 26. Qf4 Bb4 27. Rf3 Qc7
28. Qxb4 Qxe5 29. Qb7 Qc7 30. Qxa6 Qe7 31. Qxc8+ 1-0

[Event "4NCL Division 2d"]
[Site "Puma Hotel, Hinckley Island EN"]
[Date "2013.05.04"]
[Round "9.68"]
[White "Plater, Ron"]
[Black "Thorpe, Thomas G"]
[Result "0-1"]
[WhiteElo "1934"]
[BlackElo "1865"]
[PlyCount "104"]
[EventDate "2013.05.04"]
[WhiteTeam "North East England"]
[BlackTeam "Rhyfelwyr Essyllwg 1"]

1. d4 g6 2. Nf3 Bg7 3. e4 c5 4. c3 cxd4 5. cxd4 d5 6. e5 Nc6 7. Be2 Bg4 8. O-O
Nh6 9. Nc3 Nf5 10. Ng5 Bxe2 11. Nxe2 h6 12. Nf3 e6 13. Qb3 Rb8 14. Bd2 O-O 15.
Rac1 Kh7 16. Rc2 Nh4 17. Rfc1 Nxf3+ 18. Qxf3 Qh4 19. Qe3 Qe4 20. Qxe4 dxe4 21.
Bc3 Rfd8 22. Rd1 Bxe5 23. Rcd2 Bg7 24. d5 exd5 25. Rxd5 Rxd5 26. Rxd5 Rd8 27.
Rxd8 Nxd8 28. Kf1 Nc6 29. Bxg7 Kxg7 30. Nc3 f5 31. Ke2 Kf6 32. f3 exf3+ 33.
Kxf3 Ke5 34. g3 g5 35. Ke3 Nd4 36. Nd1 f4+ 37. gxf4+ gxf4+ 38. Kd3 Nf3 39. h3
Kf5 40. Nf2 Kg5 41. Ke4 Ng1 42. Ke5 Kh4 43. Kd6 Nxh3 44. Nd3 Kg3 45. b4 f3 46.
b5 Nf4 47. Nc5 h5 48. Kc7 b6 49. Ne4+ Kg2 50. Kb7 f2 51. Nxf2 Kxf2 52. Kxa7 Nd5
0-1

[Event "4NCL Division 2d"]
[Site "Puma Hotel, Hinckley Island EN"]
[Date "2013.05.04"]
[Round "9.71"]
[White "Ivell, Nicholas W"]
[Black "Richardson, John R"]
[Result "0-1"]
[WhiteElo "2320"]
[BlackElo "2320"]
[PlyCount "54"]
[EventDate "2013.05.04"]
[WhiteTeam "Spirit of Atticus"]
[BlackTeam "The AD's"]

1. e4 c6 2. d4 d5 3. exd5 cxd5 4. Bd3 Nf6 5. c3 Nc6 6. Bf4 g6 7. Nf3 Bg7 8. O-O
Nh5 9. Bg5 f6 10. Be3 O-O 11. c4 Nb4 12. Be2 Bf5 13. Na3 Be6 14. Qb3 a5 15. h3
Qb8 16. Rfe1 Bf7 17. Bd2 Nf4 18. Bxb4 Nxe2+ 19. Rxe2 dxc4 20. Qc3 axb4 21. Qxb4
Qd6 22. Qxd6 exd6 23. Re7 c3 24. Nb5 cxb2 25. Rb1 Rxa2 26. Nxd6 Bh6 27. Ne4 Ra1
0-1

[Event "4NCL Division 2d"]
[Site "Puma Hotel, Hinckley Island EN"]
[Date "2013.05.04"]
[Round "9.16"]
[White "Wheeler, Darren P"]
[Black "Carleton, John J"]
[Result "1/2-1/2"]
[WhiteElo "2284"]
[BlackElo "2277"]
[PlyCount "54"]
[EventDate "2013.05.04"]
[WhiteTeam "The AD's"]
[BlackTeam "Spirit of Atticus"]

1. e4 Nf6 2. e5 Nd5 3. d4 d6 4. Nf3 Nc6 5. c4 Nb6 6. exd6 exd6 7. Be2 Be7 8.
O-O O-O 9. h3 Bf6 10. Nc3 Re8 11. Be3 Bf5 12. b3 h6 13. Qd2 d5 14. c5 Nc8 15.
a3 N8e7 16. b4 a6 17. Ne1 Ng6 18. g4 Be6 19. Ng2 Nh4 20. Nxh4 Bxh4 21. f4 f6
22. Bd3 Qd7 23. f5 Bf7 24. Bc2 Re7 25. Bf2 Bg5 26. Qd3 Rae8 27. Rae1 h5 1/2-1/2

[Event "4NCL Division 2d"]
[Site "Puma Hotel, Hinckley Island EN"]
[Date "2013.05.04"]
[Round "9.73"]
[White "Mitchell, Martin"]
[Black "Snape, Ian L"]
[Result "1/2-1/2"]
[WhiteElo "2213"]
[BlackElo "2249"]
[PlyCount "114"]
[EventDate "2013.05.04"]
[WhiteTeam "Spirit of Atticus"]
[BlackTeam "The AD's"]

1. d4 c5 2. d5 g6 3. c4 d6 4. Nc3 Bg7 5. e4 Nf6 6. Bd3 O-O 7. Nge2 e6 8. O-O
exd5 9. cxd5 a6 10. a4 Re8 11. h3 Nbd7 12. Ng3 Rb8 13. f4 b5 14. axb5 c4 15.
Bxc4 axb5 16. Bd3 Nc5 17. Bxb5 Rxb5 18. Nxb5 Qb6 19. Nd4 Ncxe4 20. Nge2 Ba6 21.
Kh2 Nxd5 22. Qa4 Nc7 23. Rf3 Nc5 24. Qd1 Bb7 25. Re3 Rxe3 26. Bxe3 Qxb2 27. Rb1
Qa2 28. Nb5 Nxb5 29. Bxc5 Qc4 30. Bf2 Qe4 31. Qf1 Nc3 32. Nxc3 Bxc3 33. Rd1
Qxf4+ 34. Bg3 Qxf1 35. Rxf1 Be5 36. Rb1 Be4 37. Rb4 Bxg3+ 38. Kxg3 d5 39. Rb2
g5 40. h4 gxh4+ 41. Kxh4 Kg7 42. Kg5 h6+ 43. Kf4 h5 44. Kg5 Bg6 45. Rb4 f6+ 46.
Kf4 Be4 47. Rb7+ Kg6 48. g3 Bg2 49. Rd7 Bh1 50. Rb7 Be4 51. Rd7 Bg2 52. Ra7 Bf1
53. Rd7 Bc4 54. Re7 Ba2 55. Ra7 Bb3 56. Rd7 Bc4 57. Re7 Bd3 1/2-1/2

[Event "4NCL Division 2d"]
[Site "Puma Hotel, Hinckley Island EN"]
[Date "2013.05.04"]
[Round "9.74"]
[White "Anderton, David W"]
[Black "Jackson, Sheila"]
[Result "1/2-1/2"]
[WhiteElo "2217"]
[BlackElo "2177"]
[PlyCount "41"]
[EventDate "2013.05.04"]
[WhiteTeam "The AD's"]
[BlackTeam "Spirit of Atticus"]

1. d4 Nf6 2. c4 e6 3. Nc3 Bb4 4. Qc2 c5 5. dxc5 O-O 6. a3 Bxc5 7. Nf3 a6 8. Bg5
Be7 9. e4 d6 10. Be2 b6 11. Rd1 Qc7 12. O-O Bb7 13. Rfe1 Nbd7 14. Bf1 Rac8 15.
Qb1 Rfd8 16. h3 Qb8 17. Re3 Nf8 18. Ree1 Ng6 19. Be3 Nd7 20. Bd4 Nge5 21. Nxe5
1/2-1/2

[Event "4NCL Division 2d"]
[Site "Puma Hotel, Hinckley Island EN"]
[Date "2013.05.04"]
[Round "9.75"]
[White "Latham, David"]
[Black "Besedin, Pavel"]
[Result "0-1"]
[WhiteElo "2143"]
[BlackElo "2081"]
[PlyCount "96"]
[EventDate "2013.05.04"]
[WhiteTeam "Spirit of Atticus"]
[BlackTeam "The AD's"]

1. e4 e5 2. Bc4 Nf6 3. d3 c6 4. Nf3 Be7 5. Nc3 d6 6. Ne2 a6 7. O-O d5 8. Bb3
Qc7 9. Ng3 g6 10. Re1 d4 11. c3 c5 12. cxd4 cxd4 13. Bh6 Ng4 14. Bg5 h6 15. Rc1
Nc6 16. Bxe7 Qxe7 17. Bd5 Bd7 18. Qb3 O-O 19. Qd1 Nf6 20. Qd2 Kg7 21. h3 Qd6
22. Bb3 Rac8 23. Nh4 Rc7 24. Rc2 Qe7 25. f4 Nxe4 26. Rxe4 Qxh4 27. Qf2 Qd8 28.
fxe5 Be6 29. Bxe6 fxe6 30. Qe2 Qd5 31. Nh5+ gxh5 32. Qxh5 Rf5 33. Rg4+ Rg5 34.
Rxg5+ hxg5 35. Qxg5+ Kf8 36. Rf2+ Ke8 37. Qg6+ Kd7 38. Rf7+ Ne7 39. Qg7 Rc1+
40. Kh2 Qc5 41. h4 Re1 42. g3 Rd1 43. Kh3 Rxd3 44. h5 Rd1 45. h6 Rh1+ 46. Kg4
d3 47. Qg5 Qb4+ 48. Rf4 Qxb2 0-1

[Event "4NCL Division 2d"]
[Site "Puma Hotel, Hinckley Island EN"]
[Date "2013.05.04"]
[Round "9.76"]
[White "Bellin, Jana M"]
[Black "Mort, Andrew J"]
[Result "1-0"]
[WhiteElo "2128"]
[BlackElo "2021"]
[PlyCount "51"]
[EventDate "2013.05.04"]
[WhiteTeam "The AD's"]
[BlackTeam "Spirit of Atticus"]

1. d4 d5 2. Nf3 e6 3. c4 c5 4. cxd5 exd5 5. Nc3 Nc6 6. g3 c4 7. Bg2 Bb4 8. O-O
Nge7 9. e4 dxe4 10. Nxe4 Bf5 11. Nc3 Bd3 12. Re1 O-O 13. a3 Ba5 14. Bg5 f6 15.
Be3 Nd5 16. Rc1 Rb8 17. Nxd5 Qxd5 18. b4 Bb6 19. Ne5 Qb5 20. Nd7 Rbd8 21. Nxf8
Kxf8 22. d5 Bxe3 23. Rxe3 Ne7 24. Qh5 Nxd5 25. Rxd3 cxd3 26. Rc5 1-0

[Event "4NCL Division 2d"]
[Site "Puma Hotel, Hinckley Island EN"]
[Date "2013.05.04"]
[Round "9.78"]
[White "Tome, Daniel"]
[Black "Robertson, David J"]
[Result "1/2-1/2"]
[WhiteElo "2100"]
[BlackElo "1939"]
[PlyCount "89"]
[EventDate "2013.05.04"]
[WhiteTeam "The AD's"]
[BlackTeam "Spirit of Atticus"]

1. d4 d5 2. c4 e6 3. Nc3 c6 4. Nf3 Nf6 5. Bg5 h6 6. Bxf6 Qxf6 7. e3 Nd7 8. Bd3
Bb4 9. Qb3 Qe7 10. a3 Bd6 11. O-O O-O 12. Rfe1 dxc4 13. Bxc4 e5 14. Ne4 Bc7 15.
Qc3 Nb6 16. Ba2 Nd5 17. Qc2 Bf5 18. Rac1 Rad8 19. Bb1 Bxe4 20. Qxe4 f5 21. Qc2
e4 22. Nd2 Qh4 23. g3 Qh3 24. Qa4 f4 25. Bxe4 fxg3 26. fxg3 Bxg3 27. Re2 Bc7
28. Qb3 Kh8 29. Bxd5 Rxd5 30. Qxb7 Bxh2+ 31. Rxh2 Qxe3+ 32. Kh1 Rf2 33. Qb8+
Kh7 34. Rxf2 Qxf2 35. Qh2 Qf7 36. Rc3 Rh5 37. Rh3 Rf5 38. Qg2 Rf2 39. Qe4+ Kh8
40. Nf3 Rxb2 41. Qxc6 Qf5 42. Ng1 a5 43. Qf3 Qc2 44. Rxh6+ gxh6 45. Qf8+
1/2-1/2

[Event "4NCL Division 2d"]
[Site "Puma Hotel, Hinckley Island EN"]
[Date "2013.05.04"]
[Round "9.81"]
[White "Reimaa, Sven"]
[Black "Rogers, Jonathan W"]
[Result "1-0"]
[WhiteElo "2107"]
[BlackElo "2328"]
[PlyCount "77"]
[EventDate "2013.05.04"]
[WhiteTeam "e2e4.org.uk 2"]
[BlackTeam "Barbican Youth"]

1. e4 c5 2. Nc3 e6 3. f4 a6 4. Nf3 d5 5. d3 dxe4 6. Nxe4 Nf6 7. Nxf6+ Qxf6 8.
g3 Qe7 9. Bg2 g6 10. O-O Bg7 11. c3 O-O 12. Qe2 Nc6 13. Be3 Rb8 14. Nd2 Bd7 15.
Qf2 b6 16. Nc4 Rfc8 17. Rad1 Nd8 18. Ne5 Be8 19. d4 Nc6 20. Nxc6 Bxc6 21. dxc5
Bxg2 22. Qxg2 bxc5 23. Rd2 h5 24. Rfd1 e5 25. Qe4 Qb7 26. Rd8+ Rxd8 27. Rxd8+
Kh7 28. Qxb7 Rxb7 29. Bc1 e4 30. Kf2 f5 31. Ke2 h4 32. Rc8 Rb5 33. Rc6 Kh6 34.
Rxa6 Kh5 35. a4 Rb8 36. a5 c4 37. Ra7 Bf6 38. a6 hxg3 39. Rh7+ 1-0

[Event "4NCL Division 2d"]
[Site "Puma Hotel, Hinckley Island EN"]
[Date "2013.05.04"]
[Round "9.82"]
[White "Sanders, Isaac B"]
[Black "Denton, John R"]
[Result "1-0"]
[WhiteElo "2147"]
[BlackElo "2069"]
[PlyCount "125"]
[EventDate "2013.05.04"]
[WhiteTeam "Barbican Youth"]
[BlackTeam "e2e4.org.uk 2"]

1. e4 c6 2. d4 d5 3. Nc3 dxe4 4. Nxe4 Nd7 5. Bc4 Ngf6 6. Ng5 e6 7. Qe2 Nb6 8.
Bd3 c5 9. dxc5 Bxc5 10. N1f3 Qc7 11. O-O O-O 12. c3 Nbd5 13. Ne5 h6 14. Ngf3 b6
15. Bd2 Bb7 16. a3 Bd6 17. c4 Ne7 18. Rfe1 Nc6 19. Rad1 Nxe5 20. Nxe5 Bxe5 21.
Qxe5 Qxe5 22. Rxe5 Rfd8 23. Be1 Rac8 24. b3 Be4 25. Be2 Rxd1 26. Bxd1 Rd8 27.
Be2 Bd3 28. Kf1 Ng4 29. Rh5 f5 30. Rh3 Bxe2+ 31. Kxe2 Kf7 32. Rc3 e5 33. f3 Nf6
34. Bd2 e4 35. f4 Ke6 36. a4 Kd6 37. b4 Kc6 38. Be3 Nd7 39. h3 a5 40. bxa5 bxa5
41. Rb3 Nc5 42. Bxc5 Kxc5 43. Rb5+ Kxc4 44. Rxa5 g6 45. Ra6 Rb8 46. Rxg6 Rb2+
47. Ke3 Rb3+ 48. Kf2 Rb2+ 49. Kg3 Rb3+ 50. Kh4 e3 51. Rxh6 Kd5 52. Rh8 Rb4 53.
Rd8+ Ke4 54. Kg5 Rxa4 55. Re8+ Kd3 56. Kxf5 Ra5+ 57. Kg4 Ke2 58. f5 Kf2 59. f6
Ra7 60. Kg5 e2 61. Kg6 Kxg2 62. Rxe2+ Kxh3 63. f7 1-0

[Event "4NCL Division 2d"]
[Site "Puma Hotel, Hinckley Island EN"]
[Date "2013.05.04"]
[Round "9.83"]
[White "Coates, David H"]
[Black "Poobalasingam, Peter S"]
[Result "0-1"]
[WhiteElo "2045"]
[BlackElo "2211"]
[PlyCount "204"]
[EventDate "2013.05.04"]
[WhiteTeam "e2e4.org.uk 2"]
[BlackTeam "Barbican Youth"]

1. d4 Nf6 2. c4 g6 3. Nc3 d5 4. cxd5 Nxd5 5. e4 Nxc3 6. bxc3 Bg7 7. Nf3 c5 8.
Rb1 O-O 9. Be2 Nc6 10. d5 Na5 11. Bd2 b6 12. c4 Nb7 13. O-O e5 14. Bc3 Re8 15.
Nd2 Nd6 16. Re1 Re7 17. Bd3 Qe8 18. a4 Bh6 19. a5 Rb8 20. Nb3 Ba6 21. Qe2 Rc7
22. axb6 axb6 23. Ra1 Bc8 24. Reb1 Bd7 25. Qb2 f6 26. Bd2 Bxd2 27. Nxd2 Rcb7
28. Ra6 Qd8 29. Qa3 Qc7 30. Ra1 Kg7 31. Nb3 Rc8 32. Ra7 Rcb8 33. Ra6 Nc8 34. f3
Nd6 35. h3 Rf8 36. Ra7 Rfb8 37. Ra6 Rc8 38. Ra7 Rcb8 39. Ra6 Nc8 40. Kh2 Kf7
41. Rc1 Nd6 42. Ra1 Rc8 43. Ra7 Rxa7 44. Qxa7 Qxa7 45. Rxa7 Ke7 46. Kg1 Rb8 47.
Kf2 Nc8 48. Ra6 Kd6 49. Ke3 Rb7 50. Kd2 Kc7 51. Kc3 Rb8 52. Ra2 Nd6 53. Ra7+
Kd8 54. Ra6 Bc8 55. Ra7 Bb7 56. Ra2 Rc8 57. Nd2 Rc7 58. Rb2 Nc8 59. Nb1 Ba6 60.
Na3 Ra7 61. Nb5 Bxb5 62. Rxb5 Rf7 63. Rb2 Kc7 64. Re2 Kd6 65. Ra2 Ra7 66. Rxa7
Nxa7 67. Kb3 Kc7 68. Ka4 Nc8 69. Kb5 Kb7 70. Ka4 Nd6 71. Kb3 Kc7 72. Kc3 Kd7
73. Kd2 Kd8 74. Kc3 Ke7 75. Kd2 h6 76. Ke3 Kf8 77. Kf2 Ke8 78. Ke3 Ke7 79. Ke2
b5 80. cxb5 c4 81. Bc2 Nxb5 82. Kd2 Kd6 83. Ba4 Nd4 84. Be8 Kc5 85. Kc3 g5 86.
d6 Kxd6 87. Kxc4 Ne2 88. Bb5 h5 89. Kb4 Nd4 90. Bd3 h4 91. Kc3 Kc5 92. Kd2 Kb4
93. Bf1 Ne6 94. Ke3 Kc3 95. Kf2 Kd2 96. Ba6 Nf4 97. Bb5 Ne6 98. Ba6 Nd4 99. Bc4
Nc2 100. Ba6 Nb4 101. Bc4 Nc6 102. Bb5 Na5 {White overstepped the time limit}
0-1

[Event "4NCL Division 2d"]
[Site "Puma Hotel, Hinckley Island EN"]
[Date "2013.05.04"]
[Round "9.84"]
[White "Moss, Guy"]
[Black "Galligan, Brian"]
[Result "1/2-1/2"]
[WhiteElo "1975"]
[BlackElo "2037"]
[PlyCount "108"]
[EventDate "2013.05.04"]
[WhiteTeam "Barbican Youth"]
[BlackTeam "e2e4.org.uk 2"]

1. e4 c5 2. Nf3 d6 3. c3 Nf6 4. h3 Nc6 5. Bd3 g6 6. Bc2 Bg7 7. O-O O-O 8. d4
cxd4 9. cxd4 d5 10. e5 Nd7 11. Nc3 Nb6 12. a3 a6 13. Nh2 f6 14. f4 fxe5 15.
fxe5 Rxf1+ 16. Nxf1 Bf5 17. Bxf5 gxf5 18. Bg5 Qd7 19. Ng3 Rf8 20. Nh5 Rf7 21.
Qd3 h6 22. Bf4 Nd8 23. Rf1 Ne6 24. Bc1 Nf8 25. Ne2 Qc8 26. Neg3 e6 27. Nxg7
Rxg7 28. Bxh6 Rg6 29. Bf4 Qc4 30. Qd2 Qb5 31. Qb4 Qxb4 32. axb4 Rg7 33. Rc1 Ng6
34. Bh6 Rh7 35. Bg5 f4 36. Ne2 f3 37. gxf3 Rxh3 38. Kg2 Rh5 39. f4 Nc4 40. b3
Nd2 41. Rc8+ Nf8 42. Be7 Rf5 43. Rb8 Nxb3 44. Bxf8 Rxf8 45. Rxb7 Rc8 46. Rb6
Rc4 47. Rxe6 Nxd4 48. Nxd4 Rxd4 49. f5 Rxb4 50. Rxa6 Re4 51. e6 Kg7 52. Ra7+
Kf6 53. Rf7+ Kg5 54. Kf3 Re1 1/2-1/2

[Event "4NCL Division 2d"]
[Site "Puma Hotel, Hinckley Island EN"]
[Date "2013.05.04"]
[Round "9.85"]
[White "Zhang, Anthony Y"]
[Black "Brett, Andrew R"]
[Result "0-1"]
[WhiteElo "1773"]
[BlackElo "2105"]
[PlyCount "68"]
[EventDate "2013.05.04"]
[WhiteTeam "e2e4.org.uk 2"]
[BlackTeam "Barbican Youth"]

1. d4 Nf6 2. Nf3 g6 3. c4 Bg7 4. Nc3 O-O 5. e4 d6 6. h3 e5 7. d5 Nh5 8. g3 a5
9. Be2 Na6 10. Nh2 Nf6 11. h4 Nc5 12. Bf3 Ne8 13. Be3 f5 14. Qd2 f4 15. Bxc5
dxc5 16. O-O-O Nd6 17. Qe2 a4 18. Kb1 a3 19. b3 Bd7 20. Bg4 b5 21. Bxd7 Qxd7
22. Nxb5 Nxb5 23. cxb5 Rab8 24. Qc4 Kh8 25. Qxc5 fxg3 26. fxg3 Rxb5 27. Qxa3
Qh3 28. Rdf1 Rfb8 29. Rfg1 Rb4 30. Qa7 c6 31. dxc6 Qe6 32. Qc5 Rxb3+ 33. axb3
Qxb3+ 34. Kc1 Bh6+ 0-1

[Event "4NCL Division 2d"]
[Site "Puma Hotel, Hinckley Island EN"]
[Date "2013.05.04"]
[Round "9.86"]
[White "Ayvazyan, Nikita"]
[Black "Garnett, John S"]
[Result "1-0"]
[WhiteElo "1940"]
[BlackElo "2028"]
[PlyCount "45"]
[EventDate "2013.05.04"]
[WhiteTeam "Barbican Youth"]
[BlackTeam "e2e4.org.uk 2"]

1. e4 c6 2. d4 d5 3. Nc3 dxe4 4. Nxe4 Nd7 5. Nf3 Ngf6 6. Nxf6+ Nxf6 7. Ne5 e6
8. Be2 Bd6 9. O-O Qc7 10. f4 O-O 11. Kh1 b6 12. Bf3 Bb7 13. Qe2 c5 14. Bxb7
Qxb7 15. dxc5 Bxc5 16. Be3 Qe4 17. Rf3 Bxe3 18. Rxe3 Qxf4 19. Rf1 Qd4 20. c3
Qd6 21. Rxf6 gxf6 22. Rg3+ Kh8 23. Qg4 1-0